Normal view
MARC view
- Sinir ağları (Bilgisayar bilimi)
Entry Topical Term
001 - CONTROL NUMBER
- control field: 43596
003 - CONTROL NUMBER IDENTIFIER
- control field: TR-AnTOB
005 - DATE AND TIME OF LATEST TRANSACTION
- control field: 20240910165107.0
008 - FIXED-LENGTH DATA ELEMENTS
- fixed length control field: 161230n|eazznnaab| |a aaa
035 ## - SYSTEM CONTROL NUMBER
- System control number: (TR-AnTOB)43596
040 ## - CATALOGING SOURCE
- Original cataloging agency: TR-AnTOB
- Transcribing agency: TR-AnTOB
150 #7 - HEADING--TOPICAL TERM
- Topical term or geographic name entry element: Sinir ağları (Bilgisayar bilimi)
- General subdivision: Ekonomik yönleri
450 ## - SEE FROM TRACING--TOPICAL TERM
- Topical term or geographic name entry element: Neural networks (Computer science)
- General subdivision: Economic aspects
450 ## - SEE FROM TRACING--TOPICAL TERM
- Topical term or geographic name entry element: Sinir Ağları (Bilgisayar bilimi)
- General subdivision: Ekonomik yönler
450 ## - SEE FROM TRACING--TOPICAL TERM
- Topical term or geographic name entry element: Sinir Ağları (Bilgisayar bilimi)
- General subdivision: Ekonomik açı
450 ## - SEE FROM TRACING--TOPICAL TERM
- Topical term or geographic name entry element: Yapay sinir ağları (Bilgisayar bilimi)
- General subdivision: Ekonomik yönler
450 ## - SEE FROM TRACING--TOPICAL TERM
- Topical term or geographic name entry element: Yapay sinir ağları (Bilgisayar bilimi)
- General subdivision: Ekonomik yönleri
450 ## - SEE FROM TRACING--TOPICAL TERM
- Topical term or geographic name entry element: Yapay sinir ağları (Bilgisayar bilimi)
- General subdivision: Ekonomik açı
688 ## - APPLICATION HISTORY NOTE
- Institution to which field applies: TR-AnTOB
750 ## - ESTABLISHED HEADING LINKING ENTRY--TOPICAL TERM
- Authority record control number or standard number: (TR-AnTOB)43595
- Source of heading or term: etuesh



